The bone is pointed /

Bibliographic Details
Main Author: Upfield, Arthur W. (Arthur William), 1888-1964
Format: Book
Language:English
Published: New York : Garland Pub., 1976.
Series:50 classics of crime fiction, 1900-1950.

MARC

Tag First Indicator Second Indicator Subfields
LEADER 00000cam a2200000 i 4500
001 in00000599430
005 20170323114429.0
008 761112r19761947nyua 00011 eng
010 |a  75046003  
020 |a 0824023951 :  |c $12.00 
035 |a (OCoLC)02607267 
035 |9 ACR9940AM 
040 |a DLC  |c DLC  |d TXA  |d UtOrBLW 
049 |a TXAM  |c [1433324] 
050 0 0 |a PZ3.U668  |b Bo9  |a PR9619.3.U6 
090 |a PR9619.3.U6  |b B66 1976 
100 1 |a Upfield, Arthur W.  |q (Arthur William),  |d 1888-1964. 
245 1 4 |a The bone is pointed /  |c Arthur W. Upfield. 
264 1 |a New York :  |b Garland Pub.,  |c 1976. 
300 |a 288 pages :  |b illustrations ;  |c 23 cm. 
336 |a text  |b txt  |2 rdacontent 
337 |a unmediated  |b n  |2 rdamedia 
338 |a volume  |b nc  |2 rdacarrier 
490 1 |a Fifty classics of crime fiction, 1900-1950 
500 |a Reprint of the 1947 edition published for the Crime Club by Doubleday, Garden City, N.Y. 
830 0 |a 50 classics of crime fiction, 1900-1950. 
999 |a MARS 
999 f f |s c28dd46a-1c69-34ac-b940-d19926d2bd94  |i 6aca6b5a-a6d7-3461-b94c-00d68e4fa3d6  |t 0 
952 f f |p ric  |a Texas A&M University  |b Rellis Campus  |c Joint Library Facility  |d Remote Storage  |t 0  |e PR9619.3.U6 B66 1976  |h Library of Congress classification  |i unmediated -- volume  |m A14804290531 
998 f f |a PR9619.3.U6 B66 1976  |t 0  |l Remote Storage